| 000 | 01205nam0a2200337 4500 | ||
|---|---|---|---|
| 001 | RU\NLR\PR\ONL\13806855 | ||
| 005 | 20260510043015.0 | ||
| 035 | _a(NLR Aleph) 022801227 | ||
| 090 |
_a13702330 _c13702330 |
||
| 100 | _a20260424d1967 m y0rusy50 ca | ||
| 101 | 0 | _alit | |
| 102 | _aLT | ||
| 105 | _aa z 000zy | ||
| 181 | 0 |
_ai _b xxe |
|
| 182 | 0 | _an | |
| 200 | 1 |
_aMikė milžinas _fVytautė Žilinskaitė _gNijolės Kryževičiūtės-Jurgėlionienės iliustracijos |
|
| 203 |
_aТекст _bвизуальный _cнепосредственный |
||
| 210 |
_aVilnius _cVaga _d1967 |
||
| 215 |
_a[] с. _cил. |
||
| 225 | 1 | _a1967 metų iliustruotos knygos | |
| 309 | _aВложена в футляр с загл. сер. с 8 др. кн. | ||
| 541 | 1 |
_6z01790 _aМике-великан _e[кн. ил.] _zrus _7ca |
|
| 686 | 1 | _aЩ157.5 | |
| 700 | 1 |
_aŽilinskaitė _bV. _f1930-2024 _gVytautė _4070 |
|
| 702 | 1 |
_aKryževičiūtė-Jurgelionienė _bN. _f1938- _gNijolė _4440 |
|
| 790 | 1 |
_6z01541 _aЖилинскайте _bВ. _f1930-2024 _gВитауте |
|
| 801 | 0 |
_aRU _bNLR |
|
| 942 | _cBOOK | ||
| 945 | _aРоссийская национальная библиотека | ||
| 980 | _aNB | ||